| 000 | 00812nam a22002412 4500 | ||
|---|---|---|---|
| 001 | 0000004761 | ||
| 005 | 20151217151941.0 | ||
| 008 | 070530s xx 000 0 eng d | ||
| 020 | _a9058089908 : | ||
| 040 |
_aKABU _cKABU |
||
| 050 | 0 |
_aSF376.2 _b.K67 |
|
| 100 | 1 |
_aKosgei, Isaac Sanga. _@0000155545 |
|
| 245 | 1 | 0 |
_aBreeding objectives and breeding strategies for small ruminants in the tropics / _cIsaac Sanga Kosgei. |
| 260 | _c2004. | ||
| 300 |
_a272 p. ; _c24 cm. |
||
| 502 | _aThesis (Ph.D.) - Animal Breeding and Genetics Group, Wageningen University, 2004. | ||
| 650 | 0 |
_aSheep _xBreeding _zTropics. _@0000155546 |
|
| 650 | 0 |
_aGoats _xBreeding _zTropics. _@0000155547 |
|
| 650 | 0 |
_aRuminants. _@0000155548 |
|
| 908 | _a070530 | ||
| 950 | _@1 | ||
| 999 |
_c6646 _d6646 |
||